000
00245 a2200097 4500
001
23136
100
_a
Sharif, M M
245
_a
Collected Papers-III : Studies in Aesthetics
260
_a
_b
Inst. of Islamic Culture
_c
1964
090
_c
15676
_d
15676
942
_a
NUST-CAE
_c
M
_c
6309
999
_c
258209
_d
258209